Introduction to mathematical fluid dynamics

Salvato in:
Dettagli Bibliografici
Autore principale: Meyer, Richard E. (autor)
Natura: Libro
Lingua:inglese
Pubblicazione: Nueva York John Wiley 1971
Serie:Pure and applied mathematics, 24
Soggetti:
Tags: Aggiungi Tag
Nessun Tag, puoi essere il primo ad aggiungerne!!

MARC

LEADER 00000nam a2200000 a 4500
001 UCT2379
003 CL-VaPUC
008 961011e19710000US |||||||||||||||||eng|d
082 0 4 |a 532.05  |b MEY  |2 21 
100 |a Meyer, Richard E.  |e autor  |9 620013 
245 1 0 |a Introduction to mathematical fluid dynamics 
300 |a 185 p 
942 |c BK 
945 |d 19961011 00:00:00  |a paguirre 
260 |a Nueva York  |b John Wiley  |c 1971 
650 0 |a Mecánica de fluidos   |9 259464 
650 0 |a Física   |9 227844 
650 0 |a Dinámica  |9 260136 
650 0 |a Cinemática  |9 260942 
650 0 |a Cinética  |9 260943 
583 |a last modification  |c 19961011 00:00:00  |k Rodrigo Vera 
490 0 |a Pure and applied mathematics, 24 
999 |c 252504  |d 252502 
952 |0 0  |1 0  |4 0  |6 532_050000000000000_MEY_1971  |7 0  |8 A  |9 272403  |a BIBCUR  |b BIBCUR  |d 2019-11-19  |i 1761781  |o 532.05 MEY 1971  |p 1761781  |r 2025-04-22  |w 2019-11-19  |y BK  |k FIS